000
00326nam a22001337a 4500
999
_c
12176
_d
12176
020
_a
9789352834402
082
_a
530.141
100
_a
S R Manohara
245
_a
Electricity Magnetism and Electromagnetic Theory
260
_a
New Delhi
_b
S.Chand
_c
2018
300
_a
428
650
_a
Electrical Engineering
942
_c
BK